00258nam a22001217a 4500003000400000020002100004082001900025100002300044245002500067250000900092260002700101300000800128SGT a978-1-60406174-1 a618.9778bG13W aWEINSTEIN, BARBARA aGERIATRIC AUDIOLOGY  a2ND  aNEW YORKbTHIEMEc2013 a363